000 00552nam a2200157 a 4500
008 120416s1976 ||||||||||||||||| || u
050 _aHD 82 Pit
100 _aPitt, David C
245 1 4 _aThe social dynamics of development
260 _aOxford
_bPergamon Press
_c(1976)
300 _avii, 162p
350 _a0.00
650 0 _aECONOMICS
650 0 _aECONOMIC DEVELOPMENT--AFRICA, SUB-SAHARAN
995 _D0.00
_FCBU-MAIN LIBRARY (Kitwe)
_H1
_I0.00
_M1
_UAVAILABLE
_ZAnnex Low-Usage Collection
999 _c57680
_d57680